00348nam a2200121Ia 45000030006000000080041000060400015000471000027000622450075000892600033001645460012001970050017002090STCL150530s9999 xx 000 0 und d aSTCLcSTCL aRobert Louis Stevenson aKidnapped being memoirs of the adventures of David Balfour in the year bThomas Nelson and sonsc1964 aEnglish20220125171042.0